Animal Homonyms Quiz Stats

 Plays Quiz Updated Aug 22, 2016

Also try: Angry Animals!
Challenge
Share
Tweet
Score 0/25 Timer 09:00
3 Plays Today
% Correct
Sloth
87%
Bee
86.5%
Seal
81.3%
Bat
81.2%
Bear
80.7%
Crane
80.4%
Duck
80.3%
Cricket
75.1%
Mole
71.3%
Gull
69.6%
Adder
61.7%
Fly
60.4%
Rook
58.1%
% Correct
Boa
57.9%
Flounder
57.4%
Monitor
57.3%
Urchin
57.2%
Hawk
55.2%
Aye-aye
54.1%
Eagle
53.8%
Loon
51.2%
Bongo
50.4%
Perch
50.2%
Ferret
48.9%
Lark
47.6%

You're not logged in!

Compare scores with friends on all Sporcle quizzes.
OR
Log In

You Might Also Like...

Show Comments

Extras

Top Quizzes Today


Score Distribution

Your Account Isn't Verified!

In order to create a playlist on Sporcle, you need to verify the email address you used during registration. Go to your Sporcle Settings to finish the process.

Report this User

Report this user for behavior that violates our Community Guidelines.

Details: